Práca nadčas

Právna úprava práce nadčas. Dôvody zamestnávateľa na nariadenie práce nadčas. Mzda za prácu nadčas. Náhradné voľno za prácu nadčas. Inštitút práce nadčas.

Na minha lista:
Detalhes bibliográficos
Autor principal: Mrukviová Tomiová, Sandra
Formato: Capítulo de Livro
Idioma:eslovaco
Assuntos:
Tags: Adicionar Tag
Sem tags, seja o primeiro a adicionar uma tag!

MARC

LEADER 00000naa a2200000 4500
001 0280889
005 20240417075150.4
041 0 |a slo 
044 |a SK 
245 1 0 |a Práca nadčas  |c Sandra Mrukviová Tomiová 
520 |a Právna úprava práce nadčas. Dôvody zamestnávateľa na nariadenie práce nadčas. Mzda za prácu nadčas. Náhradné voľno za prácu nadčas. Inštitút práce nadčas. 
610 2 0 |a práca nadčasová 
610 2 0 |a úpravy právne 
610 2 0 |a zamestnanci 
610 2 0 |a zamestnávatelia 
610 2 0 |a čas pracovný 
610 2 0 |a zákony 
100 1 |a Mrukviová Tomiová, Sandra